| 000 | 004970000a22001570004500 | ||
|---|---|---|---|
| 003 | MACL | ||
| 005 | 20170822130122.0 | ||
| 008 | 170822b xxu||||| |||| 00| 0 eng d | ||
| 040 | _cmacl | ||
| 100 |
_aचन्द्र,सुभाष _968731 |
||
| 245 | _aआइये स्वर्ग चलते है | ||
| 260 |
_bलता प्रकाशन _c2002 _aदिल्ली |
||
| 350 | _a90 | ||
| 650 |
_aव्यंग्य _968733 |
||
| 942 |
_cHIN _k891.437/CHA _2ddc |
||
| 999 |
_c10468 _d10468 |
||